000 00746cab a2200193 4500
001 L136314
008 070125n2007 000 0 eng u
035 _a(Sirsi) u136314
041 0 _aeng
100 1 _aUnger, Paul
245 0 0 _aRegional
_bLancashire and Cumbria
260 _c2007
490 0 _aProperty Week
_v72(3) 19 January 2007, 83-95(6)
520 _aDiscusses new commercial property development sites in Bolton, the implication of Carlisle's status as a university town on its retail sector, and the pending application for the development of a 1.1m sq ft manufacturing facility in Lancashire.
590 _aKA
651 4 _aNORTH EAST ENGLAND
690 _aPROPERTY-COMMERCIAL PROPERTY-COMMERCIAL PROPERTY MARKET
942 _n0
999 _c78243
_d78243